| 000 | 00514nam a2200205Ia 4500 | ||
|---|---|---|---|
| 003 | GCL | ||
| 008 | 140319s9999 xx 000 0 eng d | ||
| 040 |
_aGCL / _cGCL |
||
| 082 | 0 | 4 |
_a306 _bM T |
| 100 | 1 | _aSMELSER, NEIL | |
| 245 | 1 | 0 |
_aTHEORY OF CALTURE / _cSMELSER, NEIL |
| 700 | 1 | _aMUNCH, RICHARD | |
| 260 |
_a[S.N] : _bUNIVERSITY OF CALIFORNIA PRESS ، _c1992 |
||
| 300 | _a410 P | ||
| 650 | 0 | 4 | _aCONGRESSES |
| 650 | 0 | 4 | _aCULTURE |
| 650 | 0 | 4 | _aCULTURE POLICY |
| 650 | 0 | 4 | _aGERMANY WEST |
| 942 |
_2ddc _cBK |
||
| 999 |
_c24419 _d24419 |
||